|
|
|
|
| LEADER |
01032nam a2200157Ia 4500 |
| 001 |
TDMU_24009 |
| 008 |
210410s9999 xx 000 0 und d |
| 082 |
|
|
|a 349
|
| 100 |
|
|
|a Ủy ban Nhân dân tỉnh Bà Rịa - Vũng Tàu
|
| 245 |
|
0 |
|a Quyết định 10/2015/QĐ-UBND quy định Bảng giá tính lệ phí trước bạ đối với xe ô tô, xe máy, tàu, thuyền, ca nô trên địa bàn tỉnh Bà Rịa - Vũng Tàu
|
| 245 |
|
0 |
|c Ủy ban Nhân dân tỉnh Bà Rịa - Vũng Tàu
|
| 300 |
|
|
|a 3Tr
|
| 650 |
|
|
|a Quyết định; Bà Rịa - Vũng Tàu ; Văn bản pháp luật
|e 10/2015/QĐ-UBND
|d 14/02/2015; Quyết định số 10; Quyết định của Ủy ban Nhân dân tỉnh Bà Rịa - Vũng Tàu ; Bảng giá tính lệ phí trước bạ ; Xe ô tô, xe máy
|
| 700 |
|
|
|a Nguyễn, Thành Long
|
| 856 |
|
|
|u http://lrc.tdmu.edu.vn/opac/search/detail.asp?aID=2&ID=24009
|
| 980 |
|
|
|a Trung tâm Học liệu Trường Đại học Thủ Dầu Một
|